Представление документа в формате MARC21

Поле Инд. ПП Название Значение
Тип записи a
Библиографический уровень m
001 Контрольный номер RU/IS/BASE/362483947
005 Дата корректировки 20140703195529.9
040 a Служба первич. каталог. НБ ТвГУ
b Код языка каталог. rus
e Правила каталог. PSBO
041 0_ a Код языка текста rus
080 a Индекс УДК 124.43(043.3)
084 a Индекс другой классификации/Индекс ББК С032.5я031
084 a Индекс другой классификации/Индекс ББК С028.13я031
090 a Полочн. индекс С032.5
x Авторский знак Т 45
100 1_ a Автор Титкова Ольга Вячеславовна
q Полное имя Титкова О. В.
245 10 a Заглавие Идеал в социально-историческом творчестве: философский анализ
b Продолж. заглавия автореф. дис. ... канд.филос.наук : 09.00.11
c Ответственность Моск. гос. ун-т приборостроения и информатики, Каф. философии
260 a Место издания Тверь
c Дата издания 2011
300 a Объем 18 с.
500 a Примечание На правах рукоп.
504 a Библиография Библиогр. в конце кн. (7 назв.) и в подстроч. примеч.
653 a Ключевые слова Авторефераты
a Ключевые слова Идеал
a Ключевые слова Идеал исторического действия
a Ключевые слова Исторический процесс
a Ключевые слова Историческое действие
a Ключевые слова Общественное сознание
a Ключевые слова Общественный идеал
a Ключевые слова Социальная философия
a Ключевые слова Социальный идеал
a Ключевые слова Философия
710 a Организация/ юрисдикция Тверской государственный университет
901 t Тип документа m
920 a Оператор Густ
930 a Новая/Ретро авторефераты
952 c Вид литературы А/Р н
954 a Дата поступления на обработку 20110627